| 000 | 00401nam a2200133Ia 4500 | ||
|---|---|---|---|
| 008 | 151213s9999 xx 000 0 und d | ||
| 100 | _aRosetta James & Louisa S.Nye | ||
| 245 |
_aMorrison the Bluest Eye & Sala _cRosetta James & Louisa S.Nye |
||
| 260 |
_aLincoln Nebrosha _bCliffr Notes _c1997 |
||
| 300 | _a3536 p. | ||
| 650 | _aEnglish | ||
| 700 | _aRosetta James & Louisa S.Nye | ||
| 999 |
_c2342 _d2342 |
||